| 000 | 01129cad a22002175a 4500 | ||
|---|---|---|---|
| 001 | L142366 | ||
| 008 | 080211e20080207xxkd f s f000 0 eng d | ||
| 035 | _a(Sirsi) u142366 | ||
| 041 | 0 | _aeng | |
| 110 | 1 |
_aUnited Kingdom _bDepartment for Business, Enterprise and Regulatory Reform _95262 |
|
| 245 | 0 | 0 |
_aNew construction orders _bDecember 2007 _h[electronic resource] |
| 260 | _c2008 | ||
| 490 |
_aNational Statistics Press Release _v(URN URN 07/395l) 7 February 2008 |
||
| 520 | _aIn 2007, construction orders increased by 1% compared with 2006, and orders increased by 2% in the fourth quarter of 2007 compared to the fourth quarter of 2006. In the fourth quarter of 2007, orders increased by 2% compared to the third quarter of 2007, with rises across the board with the exception of public non housing and private commercial. | ||
| 590 | _aKA | ||
| 650 | 2 | 4 | _aDBERR NEW CONSTRUCTION ORDERS |
| 651 | 4 |
_aGreat Britain _y1707- |
|
| 690 | _aBUILT ENVIRONMENT-CONSTRUCTION MARKET | ||
| 856 | 4 | 0 |
_uhttps://stats.bis.gov.uk/construction/neworders/200712/index.asp _zView the item free of charge at stats.bis.gov.uk |
| 942 | _n0 | ||
| 999 |
_c79792 _d79792 |
||